000 00621nam a22001937a 4500
003 IT-MiCISF
005 20230519122302.0
008 230519b |||||||| |||| 00| 0 eng d
040 _cIT-MiCISF
041 _ait
100 _aPellizzari Tommaso
_960089
245 _aTrenta senza lode.
_bAutodifesa di una generazione disprezzata: i giovani degli anni Ottanta e Novanta
260 _aMilano,
_bMondadori,
_c1999
300 _app. 183
500 _asocietà, giovani, rapporti-intergenerazionali, rapporti-sociali, lavoro, politica, cultura
650 _asocietà
_960090
654 _asaggio
942 _2ddc
_cBK
999 _c359732
_d359732